| 000 | 00402nam a22001457a 4500 | ||
|---|---|---|---|
| 003 | OSt | ||
| 005 | 20130910121039.0 | ||
| 008 | 130910b xxu||||| |||| 00| 0 eng d | ||
| 040 |
_aDLC _bDLC _cDLC _dDLC |
||
| 100 |
_aPike, Kenneth _922306 |
||
| 245 |
_aLanguage and life _cby Kenneth L. Pike |
||
| 260 |
_aGlendale, California _bSummer Institute of Linguistics _c 1958 |
||
| 300 | _a43p. | ||
| 942 |
_2lcc _cBK |
||
| 999 |
_c57870 _d57844 |
||